[Event "Hoogovens"]
[Site "Wijk aan Zee"]
[Date "1998.01.18"]
[Round "3"]
[White "Gelfand, Boris"]
[Black "Karpov, Anatoly"]
[Result "1/2-1/2"]
[WhiteElo "2675"]
[BlackElo "2735"]
[Annotator "Khalifman,A"]
[PlyCount "83"]
[EventDate "1998.01.16"]
[EventType "tourn"]
[EventRounds "13"]
[EventCountry "NED"]
[EventCategory "17"]
[SourceTitle "CBM 063"]
[Source "ChessBase"]
[SourceDate "1998.03.26"]
[SourceVersion "1"]
[SourceVersionDate "1998.03.26"]
[SourceQuality "1"]

1. Nf3 Nf6 2. c4 e6 3. Nc3 d5 4. d4 Be7 5. Bf4 O-O 6. e3 c5 7. dxc5 Bxc5 8. a3
Nc6 9. Qc2 Qa5 10. O-O-O Be7 11. h4 a6 12. Ng5 Rd8 13. cxd5 exd5 14. e4 Nxe4
15. Ngxe4 dxe4 16. Rxd8+ Qxd8 17. Qxe4 g6 18. Bc4 Bf5 19. Qe3 Qd4 {Etwas
ängstlich gespielt.} ({Kritisch war} 19... Bxh4 $5 {und nun ist nicht klar, ob
Weiß genug Kompensation für den Bauern hat.}) 20. Qxd4 Nxd4 21. Rd1 Ne6 22.
Bxe6 Bxe6 23. g3 Rc8 24. Kb1 f6 25. Nd5 Bd8 26. Be3 Bg4 27. Rd2 Bf5+ 28. Ka2
Rc2 29. Rd1 Kf7 30. Nc3 Ba5 31. Kb3 Bxc3 32. bxc3 Re2 33. Rd6 g5 34. hxg5 Be6+
35. c4 fxg5 36. Rb6 Bc8 37. a4 Kg7 38. c5 h5 39. c6 bxc6 40. Rxc6 Bf5 41. Bxg5
Rxf2 42. Kb4 1/2-1/2

[Event "Hoogovens"]
[Site "Wijk aan Zee"]
[Date "1998.01.24"]
[Round "7"]
[White "Van Wely, Loek"]
[Black "Kramnik, Vladimir"]
[Result "1-0"]
[WhiteElo "2605"]
[BlackElo "2790"]
[Annotator "Khalifman,A"]
[PlyCount "93"]
[EventDate "1998.01.16"]
[EventType "tourn"]
[EventRounds "13"]
[EventCountry "NED"]
[EventCategory "17"]
[SourceTitle "CBM 063"]
[Source "ChessBase"]
[SourceDate "1998.03.26"]
[SourceVersion "1"]
[SourceVersionDate "1998.03.26"]
[SourceQuality "1"]

{Kramnik's zweite Niederlage.} 1. d4 {Ftacnik} Nf6 2. c4 e6 3. Nf3 d5 4. Nc3
Be7 5. Bf4 O-O 6. e3 c5 7. dxc5 Bxc5 8. a3 Nc6 9. Qc2 Qa5 10. O-O-O Be7 11. Kb1
a6 12. Nd2 Qb6 (12... b5 13. Nb3 Qb6 14. cxd5 exd5 15. Bg5 Be6 16. Bxf6 Bxf6
17. Nxd5 Bxd5 18. Rxd5 Rac8 19. Bd3 Nb4 20. Bxh7+ Kh8 21. axb4 Rxc2 22. Bxc2
Rd8 23. Rhd1 Rxd5 24. Rxd5 {0-1 Van Wely,L-Huzman,A/NLD-ch op 1994/EXT 94ch 
(50)}) 13. Nb3 Na5 (13... dxc4 14. Bxc4 Qa7 15. Ne4 Nxe4 16. Qxe4 g6 17. Bd6
$16 {Gelfand}) (13... Bd7 14. g4 {Gelfand}) 14. Nxa5 Qxa5 15. cxd5 (15. Qa4 Qb6
{Gelfand}) 15... exd5 (15... Nxd5 $2 16. Nxd5 exd5 17. Bc7 b6 18. Qc6 {Gelfand}
) 16. Be5 Be6 17. Bd3 (17. Qd2 Qb6 18. Bd4 Qb3 19. Qc2 Qxc2+ 20. Kxc2 Ne4 $10 {
Gelfand}) 17... Rac8 18. Qd2 d4 $6 {Ftacnik: !? Very interesting novelty, that
gives air to the Be6 on the diagonal a2-g8. White will have to defend very
carefully. Dieses Bauernopfer überzeugt mich nicht. Schwarz bekommt Spiel,
aber ist es wirklich genug?} (18... Kh8 19. Ne4 (19. Bd4 b5 20. Ne4 Qxd2 21.
Nxd2 Ng4 22. Rdf1 f6 $10) (19. f3 b5 $132 (19... Nd7 {Ftacnik} 20. Bd4 f6 21.
Qc2 Bg8 22. Bf5 Rc7 23. Qc1 Ne5 24. b4 Bxb4 25. axb4 Qxb4+ 26. Qb2 Qe7 {
Van Wely,L-Pigusov,E/ST Lee Cup 4th 1997/1/2-1/2 (55)})) 19... Qxd2 20. Nxd2
Nd7 21. Bd4 f6 22. Nf3 Nc5 (22... Bd6 $5) (22... Bd6 $5 {Ftacnik}) 23. Bxc5 $1
$14 {1/2-1/2 Gelfand,B-Short,N/Novgorod 1996/CBM 54/[Gelfand] (36)}) (18...
Rfd8 19. Bxf6 Bxf6 20. Ne4 Qb6 21. Nxf6+ gxf6 22. Bc2 $5 $13 {Gelfand}) (18...
Nd7 {Ftacnik} 19. Bd4 Nb8 20. Ne2 Qxd2 21. Rxd2 Nc6 22. Bc3 Rfd8 23. Rhd1 b5
24. Nf4 Bg5 25. Bc2 Bxf4 26. exf4 g6 27. Bb3 {1-0 Van Wely,L-Van der Sterren,P/
Lost Boys 1997/(64)}) 19. Bxd4 Rfd8 20. Rc1 (20. f3 {Ftacnik} Ne8 (20... g6 $6
21. Bxf6 Bxf6 22. Ne4 Qxd2 23. Nxf6+ $16) 21. Qc2 g6 $13) 20... g6 21. Rhd1 Ne8
22. f3 (22. Ne2 $6 {Ftacnik} Qd5 $11) 22... Nd6 23. e4 Nc4 24. Bxc4 (24. Qf2 {
Ftacnik} Nxa3+ 25. bxa3 Bxa3 26. Nd5 Rxc1+ 27. Rxc1 Bxd5 $19) 24... Rxc4 25.
Qf2 (25. Ne2 Qxd2 26. Rxd2 Bg5 27. f4 Bxf4 28. Nxf4 Rcxd4 29. Rxd4 Rxd4 30.
Nxe6 fxe6 $13) 25... Rdxd4 (25... Rdc8 $1 {Ftacnik} 26. Ne2 (26. f4 Bxa3 27.
bxa3 Qxa3 28. Rc2 (28. Rd2 $2 Rb4+ 29. Rb2 Rcc4 30. Bc5 (30. Ne2 Qd3+) 30...
Rxc3 31. Bxb4 Ba2+ $1 $19) 28... Qb3+ 29. Kc1 (29. Rb2 Qxd1+ 30. Nxd1 Rc1#)
29... Qa3+ 30. Kd2 Rd8 $14) 26... Qa4 27. Rxc4 Bxc4 28. Nc3 Qb3 $14) 26. Rxd4
Bc5 27. Ne2 (27. Rcd1 {Ftacnik} Rxd4 28. Rxd4 Qb6 29. Rd8+ (29. Ne2 Bc4 $1 $19)
29... Qxd8 30. Qxc5 Qd3+ 31. Kc1 Qf1+ 32. Nd1 Qxg2 33. Qf2 $11) 27... Qb6 {
Ftacnik: Even a brilliant player like Kramnik could not guess, that his attack
will whiter away and white king could march to b6!} ({Vielleicht muß Schwarz
dem Vorschlag von Fritz folgen:} 27... Bxd4 28. Nxd4 Rxc1+ 29. Kxc1 Qc7+ 30.
Kd2 (30. Qc2 {Ftacnik} Qxh2 31. Nxe6 Qg1+ 32. Qd1 Qe3+ 33. Qd2 Qg1+ 34. Kc2
fxe6 $11) 30... Qxh2 $11 {Weiß steht minimal besser, aber die Partie sollte
Remis enden.}) 28. Rcd1 (28. Rcxc4 $2 {Ftacnik} Bxc4 29. f4 Bxe2 $19) 28... Qb3
29. R1d2 Rxd4 30. Rxd4 {Ftacnik: White is fighting for the control of the
center, the queen on d4 would be quite dominating.} (30. Nxd4 {Ftacnik} Qa2+
31. Kc2 (31. Kc1 Bb3 32. Rd3 Qa1+ 33. Kd2 Qxb2+ 34. Ke3 Qxa3 $15) 31... Bxa3
32. Kd3 Bc4+ (32... Qc4+ 33. Ke3 Bc5 34. Qe2 $16) 33. Ke3 Bc5 $14) 30... Kg7 (
30... Bxd4 {Ftacnik} 31. Qxd4 Qa2+ 32. Kc1 $16) 31. Nf4 (31. Kc1 $5 {Ftacnik}
Qa2 32. Nc3 Qa1+ 33. Kc2 Qh1 34. Rd1 Qxd1+ 35. Nxd1 Bxf2 36. Nxf2 $18) 31...
Qa2+ 32. Kc2 (32. Kc1 $5 {Ftacnik} Bb3 33. Nh5+ $3 (33. Nd3 Bb6 $1 34. f4 Ba5
35. Rb4 $13) 33... Kh6 (33... gxh5 34. Qg3+ Kf8 35. Qb8+ Kg7 36. Qe5+ $18) 34.
Qd2+ g5 (34... Kxh5 35. g4+ Kh4 36. Qh6#) 35. Rd6+ Bxd6 36. Qxd6+ Be6 37. g4
$18) 32... Bb3+ 33. Kc3 Be6 {Ftacnik: It is a pitty for black, that his king
can be attacked too. The danger lurking severely restrains his attacking
potential.} (33... Ba4 {Ftacnik} 34. Nh5+ $1 gxh5 35. Qg3+ Kf8 36. Rxa4 $18) (
33... Bb6 {Ftacnik} 34. Nd5 Ba5+ 35. Rb4 $1 (35. Nb4 Ba4 $17) 35... Bxd5 36.
Qd4+ f6 37. Qxd5 Bxb4+ 38. axb4 $18) 34. Qc2 (34. Nxe6+ {Ftacnik} Qxe6 35. b4
$16) 34... Bxd4+ 35. Kxd4 Bd7 36. Kc5 $18 {Ftacnik: A horrific picture for
black, his queen is trapped on a2 and the king is marching towards black pawns.
Jetzt ist die Partie verloren.} Qa1 (36... f6 {Ftacnik} 37. Nd5 $16) 37. Nd5
Be6 (37... Qg1+ {Ftacnik} 38. Kd6 Bc6 39. Qc3+ Kh6 40. Qe3+ Qxe3 41. Nxe3 $18)
38. Qc3+ Kh6 (38... Kg8 {Ftacnik} 39. Ne7+ $1 Kf8 40. Kd6 Qd1+ 41. Nd5 Kg8 42.
Ke7 Bxd5 43. Qc8+ $18) 39. Qe3+ Kg7 40. Qd4+ Kh6 41. Kb6 Qf1 (41... Bxd5 {
Ftacnik} 42. exd5 Qf1 43. Qd2+ Kg7 44. d6 Qb5+ 45. Ka7 Qd7 46. Qc3+ Kg8 47. Qc7
$18) (41... Bc8 {Ftacnik} 42. Qd2+ g5 43. Qc3 $18) 42. Qd2+ Kg7 (42... g5 {
Ftacnik} 43. Nc7 Kg6 44. Kxb7 $18) 43. Kxb7 {Ftacnik: White's triumph is
complete, his king has done the "impossible".} (43. Nc7 {Ftacnik} Bc8 44. Ne8+
Kg8 45. Ka7 $19) 43... Qb5+ (43... Bxd5+ {Ftacnik} 44. exd5 Qb5+ 45. Ka7 $18)
44. Nb6 f6 45. Qd6 Bf7 46. b4 g5 47. a4 (47. a4 {Ftacnik} Qf1 48. Nd7 $18) 1-0

[Event "RUS-Cup2"]
[Site "Moscow"]
[Date "1996.??.??"]
[Round "7"]
[White "Korotylev, Alexey"]
[Black "Kharitonov, Andrei Y"]
[Result "0-1"]
[WhiteElo "2435"]
[BlackElo "2540"]
[Annotator "Kharitonov,A"]
[PlyCount "46"]
[EventDate "1996.11.28"]
[EventType "swiss"]
[EventRounds "9"]
[EventCountry "RUS"]
[SourceTitle "CBM 056 Extra"]
[Source "ChessBase"]
[SourceDate "1997.03.01"]
[SourceVersion "1"]
[SourceVersionDate "1997.03.01"]
[SourceQuality "1"]

1. d4 Nf6 2. c4 e6 3. Nf3 d5 4. Nc3 Be7 5. Bf4 O-O 6. e3 c5 7. dxc5 Bxc5 8. a3
Nc6 9. Qc2 Qa5 10. O-O-O Be7 11. h4 dxc4 (11... a6 $5 12. cxd5 $2 (12. Kb1 dxc4
13. Ng5 Qf5 14. Qxf5 exf5 15. Bxc4 h6 16. Nf3 Be6 17. Ba2 Rfd8 18. Ne5 Nxe5 19.
Bxe5 Rac8 20. Bxf6 Bxf6 21. Nd5 Bxd5 22. Bxd5 Rc7 $10 {Chernin,
A-Chernuschevich,A/Osterscar/1995/}) 12... exd5 13. Ng5 Rd8 14. Kb1 h6 15. Nf3
Bg4 16. Be2 Rac8 $17 {Van Wely,L-Sharif,M/Linares/1995/}) (11... Rd8 12. g4 (
12. Nd2 $5 Rd7 $2 (12... dxc4 $5 13. Bxc4 (13. Nxc4 Rxd1+ 14. Qxd1 Qd8 15.
Qxd8+ Nxd8 16. Be2 $14) 13... Ne5 $13) 13. Bd3 Qd8 14. cxd5 exd5 15. Nf3 Qf8
16. g4 $16 {Agdestein,S-Short,N/Stornoway/1995/1:0/33/}) 12... Bd7 (12... dxc4
$5 {N/} 13. Bxc4 Bd7 14. g5 Nh5 15. Bd6 (15. Bh2 Be8 $13) 15... Rac8 16. Be2
Be8 17. Bxe7 Rxd1+ 18. Rxd1 (18. Qxd1 Nxe7 19. Nd4 Nd5 $1 20. Bxh5 Nxc3 21.
bxc3 Rxc3+ 22. Kb1 Rxa3 23. Nb3 Qb4 24. Kb2 a5 $19) 18... Nxe7 $13 {Rustemov,
A-Kharitonov,A/Spasskoje/1996/0.5/} 19. Nd4 $2 (19. Kb1 Nd5 20. Rxd5 exd5 21.
Nd4 f6 22. Qd1 g6 23. Bxh5 gxh5 24. gxf6 $44) (19. Qe4 $5 Nd5 20. Qe5 Qb6 $13)
19... Ba4) 13. Kb1 dxc4 14. Bxc4 Rac8 15. g5 Nh5 16. Bd6 g6 $13 {Kasparov,
G-Ehlvest,Y/Novgorod/1995/}) 12. Bxc4 Rd8 $5 {N/} (12... b6 13. Ng5 Ba6 14.
Nce4 g6 15. Nxf6+ Bxf6 16. Ne4 Be7 17. Bxa6 Qxa6 18. Kb1 $14 {Kasparov,
G-Vaganian,R/Novgorod/1995/1:0/24/}) (12... a6 13. Ng5 $13) 13. Kb1 (13. Rxd8+
Bxd8 {/\Bd7-e8,Rc8}) 13... Bd7 14. Ng5 h6 (14... Ne5 15. Bxe5 Qxe5 16. f4 $1
Qxe3 17. f5 $36) (14... Be8 $5 15. Nce4 Nxe4 16. Qxe4 Qf5 17. g4 (17. Qxf5 exf5
$14) 17... Qxe4+ 18. Nxe4 Rxd1+ 19. Rxd1 Rd8 20. Rxd8 Nxd8 $14) 15. Nd5 $5 (15.
g4 Be8 $13) (15. Nge4 Ne5 {/\Bc6}) 15... exd5 16. Rxd5 Qb6 $8 (16... Bc5 $2 17.
Rxc5 $18) (16... Qxd5 $2 17. Bxd5 hxg5 18. hxg5 $18) 17. Nxf7 $1 (17. Rb5 $2
Nd4 18. Rxb6 Nxc2 19. Rxb7 (19. Rxf6 gxf6 20. Nxf7 Rdc8 21. Nd6+ Rxc4 22. Nxc4
Rc8 $17) 19... hxg5 20. hxg5 Nxa3+ 21. bxa3 Ne4 $19 {/\Nd2,/\Ng5}) 17... Kf8 $5
(17... Nxd5 $5 18. Nxh6+ (18. Bxd5 $5 Kf8 19. Qh7 Bxa3 20. Qh8+ Ke7 21. Qxg7
Rg8 22. Qc3 Bb4 23. Qc2 {/\24.Qe4;/\Qh7}) 18... Kf8 19. Qh7 Bf5+ $8 20. Nxf5
Bf6 21. Qh8+ Kf7 22. Qh5+ Kg8 23. Bxd5+ Rxd5 24. Nh6+ gxh6 25. Qxd5+ Kh8 26.
Qd2 Rd8 27. Qc2 Bg7 $13) 18. Rdd1 $2 (18. Nxd8 $2 Nxd5 19. Bxd5 Nxd8 20. Qh7
Be6 $17) (18. Rb5 $5 Nd4 (18... Qxb5 19. Bxb5 Kxf7 $14) 19. Rxb6 Nxc2 20. Rxb7
Bf5 (20... Rdc8 $2 21. Ne5 Bf5 22. Bd3 Bxd3 23. Nxd3 $16) 21. Nxd8 Nxe3+ 22.
Ka2 Nxc4 23. Nc6 Be4 24. Rxe7 Bxc6 25. Rc7 Bd5 $13 {/\26.b3 Na5 27.Rc5 Nb7 28.
Rc7 Ne8! 29.Rd7 Bg2}) 18... Bxa3 $5 $17 19. Nxd8 Rxd8 {/\Bf5-+} 20. Bb3 Be7 21.
f3 (21. Bd6 Rc8 $17) 21... Na5 22. Ba2 Rc8 23. Qf2 $2 (23. Qd3 Be6 24. Bxe6
Qxe6 {/\Nc4-/+}) 23... Bf5+ (23... Bf5+ 24. Ka1 Rc2 $19) 0-1

[Event "Novgorod"]
[Site "Novgorod"]
[Date "1995.05.31"]
[Round "5"]
[White "Ivanchuk, Vassily"]
[Black "Ehlvest, Jaan"]
[Result "1/2-1/2"]
[WhiteElo "2700"]
[BlackElo "2615"]
[Annotator "King,D"]
[PlyCount "27"]
[EventDate "1995.05.??"]
[EventType "tourn"]
[EventRounds "9"]
[EventCountry "RUS"]
[EventCategory "17"]
[SourceTitle "CBM 048"]
[Source "ChessBase"]
[SourceDate "1995.10.01"]
[SourceVersion "1"]
[SourceVersionDate "1995.10.01"]
[SourceQuality "1"]

1. Nf3 d5 2. d4 Nf6 3. c4 e6 4. Nc3 Be7 5. Bf4 O-O 6. e3 c5 7. dxc5 Bxc5 8. a3
Nc6 9. Qc2 Qa5 10. O-O-O Be7 11. g4 dxc4 12. Bxc4 a6 13. Bd3 (13. g5 Nh5 14.
Bd6 Bxd6 15. Rxd6 Ne5 16. Be2 Nxf3 17. Bxf3 Qxg5 18. Ne4 Qf5 19. Bxh5 Qxh5 20.
Rg1 {draw agreed, Gelfand,B-Beliavsky,A/URS-ch/1989/}) 13... Kh8 {Instead of
playing a pawn forward to defend against the threat to h7, which could create
a target for White, Black nudges the K to the side.} 14. g5 {The position is
completely unclear. If 14...Nh5 15.Bh7 Black has a choice between 15...g6 16.
Bg6 (which I'm not so keen on); or 15...Ba3!?} 1/2-1/2

[Event "Moscow International"]
[Site "Moscow"]
[Date "1982.05.11"]
[Round "3"]
[White "Tal, Mihail"]
[Black "Abramovic, Bosko"]
[Result "1-0"]
[WhiteElo "2605"]
[BlackElo "2445"]
[Annotator "Knaak,R"]
[PlyCount "47"]
[EventDate "1982.05.09"]
[EventType "tourn"]
[EventRounds "13"]
[EventCountry "URS"]
[EventCategory "10"]
[SourceTitle "MCL"]
[Source "ChessBase"]
[SourceDate "1999.07.01"]
[SourceVersion "1"]
[SourceVersionDate "1999.07.01"]
[SourceQuality "1"]

1. c4 e6 2. Nc3 d5 3. d4 Be7 4. cxd5 exd5 5. Bf4 Nf6 6. e3 O-O 7. Bd3 b6 {
Dieser Aufbau wird hier eindeutig widerlegt.} ({Normal ist} 7... c6) (7... c5 {
ist nicht jedermanns Sache.}) 8. Nf3 c5 9. Ne5 $1 Bb7 10. Qf3 $1 Nbd7 11. O-O
a6 $6 12. Qh3 $3 {Der folgende schwarze Zug ist nun erzwungen.} g6 (12... Nxe5
13. dxe5 Bc8 14. Qf3 $18) (12... Bc8 13. Nxd5 $1 $18) (12... h6 13. Bxh6 $1
gxh6 14. f4 {(!!) So habe ich es für Schach analysiert; das war vielleicht
damals eine Analyse nach der Partie, die ich beobachtet habe.} (14. Qxh6 $1
Nxe5 15. dxe5 Ne4 16. f4 $18) 14... Kg7 15. Rf3 Rh8 (15... h5 16. Rg3+ Kh8 17.
Rg5 $18) 16. Rg3+ Kf8 17. Nxf7 Kxf7 18. Bg6+ Kg7 $1 {(Fritz)} (18... Kf8 19.
Qe6 $18 {soweit meine Analyse für 'Schach'}) 19. Qe6 Rf8 20. Bc2+ (20. Bf5+ Kh8
21. Rg6 Nh7 22. Qxd7) 20... Kh8 21. Rg6 (21. Qh3) 21... Rg8 22. Rxh6+ Kg7) 13.
Bh6 Re8 14. f4 {Ähnliche Stellungen hat Weiß auch im Nimzoinder, allerdings
mit dem Läufer auf c1 statt auf h6.} Bd6 15. Bg5 Be7 16. f5 cxd4 17. fxg6 Nxe5
$6 ({Nach der Partie entbrannte noch eine Diskussion, ob Schwarz mit} 17...
hxg6 {Haltechancen hätte.} 18. Nxf7 (18. exd4 {ist einfach und gut.}) ({
Fritz favorisiert} 18. Bxf6 $1 Bxf6 (18... Nxf6 19. Bxg6 fxg6 20. Qe6+ Kh8 21.
Rf3 $18) 19. Nxd7 Bg7 20. Na4 Rxe3 21. Rf3 Rxf3 22. Qxf3) 18... Kxf7 19. Qh7+
Ke6 20. Qxg6 dxc3 21. Bf4 Bf8 22. Bf5+ Ke7 $13) 18. Bxf6 Bxf6 19. Qxh7+ Kf8 20.
exd4 Nxg6 21. Bxg6 fxg6 22. Rf3 Re6 23. Raf1 Rc8 24. Qxb7 1-0

[Event "EU-chT (Men) 12th"]
[Site "Batumi"]
[Date "1999.11.29"]
[Round "1.3"]
[White "Kempinski, Robert"]
[Black "Frois, Antonio"]
[Result "1-0"]
[WhiteElo "2549"]
[BlackElo "2397"]
[Annotator "Konikowski,J"]
[PlyCount "47"]
[EventDate "1999.11.06"]
[EventType "team-swiss"]
[EventRounds "9"]
[EventCountry "GEO"]
[SourceTitle "CBM 074"]
[Source "ChessBase"]
[SourceDate "2000.02.01"]
[SourceVersion "1"]
[SourceVersionDate "2000.02.01"]
[SourceQuality "1"]
[WhiteTeam "Poland"]
[BlackTeam "Portugal"]
[WhiteTeamCountry "POL"]
[BlackTeamCountry "POR"]

1. d4 d5 2. c4 e6 3. Nf3 Nf6 4. Nc3 Be7 5. Bf4 O-O 6. e3 c5 7. dxc5 Nc6 8. a3
Bxc5 9. Qc2 Qa5 10. O-O-O Be7 11. Nd2 {Donev: 'King: Currently quite a trendy
move, though probably not as good as the more standard 11 g4.'} (11. Kb1 {
King: Currently quite a trendy move, though probably not as good as the more
standard 11 g4.} a6 $5 {/\b7-b5<=>} (11... Rd8 12. Nd2 dxc4 (12... Qb6 13. c5
Qxc5 14. Nb3 Nb4 15. axb4 Qxb4 16. Rd4 Qb6 17. Nb5 Ne8 18. Nc7 e5 19. Bxe5 Bf5
20. Bd3 Bxd3 21. Rxd3 Rac8 22. Rc3 Bb4 23. Nxd5 Rxc3 24. Nxc3 Qe6 25. Bg3 Bxc3
26. Qxc3 Qe4+ 27. Qc2 Qxg2 28. Rd1 $18 {Topalov,V-Karpov,A/Monte Carlo 1998/})
13. Bxc4 Qf5 14. Nde4 Rxd1+ 15. Rxd1 Nxe4 16. Nxe4 e5 17. Bg3 Be6 18. f3 h5 19.
Bxe6 Qxe6 20. Nc5 Bxc5 21. Qxc5 f6 22. Be1 Qb3 23. Qd5+ Qxd5 24. Rxd5 Rd8 $11 {
Ekstroem,R-Arlandi,E/Elista 1998/})) 11... Bd7 (11... Qb6 12. Bd3 (12. Nb3 Na5
13. Nxa5 Qxa5 14. e4 (14. g4 $5) 14... dxe4 15. Nxe4 Nxe4 16. Qxe4 Bxa3 17.
bxa3 Qc3+ 18. Qc2 Qa1+ 19. Qb1 Qc3+ 20. Qc2 {1/2-1/2 Gabriel,C-Lutz,C/Bad
Homburg 1997/}) 12... d4 13. Na4 (13. c5 Qxc5 14. Nb3 Qb6 15. exd4 Bd7 16. Be3
Qd8 17. Nc5 Rc8 18. Nxb7 Qc7 19. Nc5 Nxd4 20. Bxd4 Bxc5 21. Bxc5 Qxc5 22. Bxh7+
Nxh7 23. Rxd7 Qg5+ 24. f4 Qxf4+ 25. Qd2 Qb8 {1/2-1/2 Kempinski,R-Sapis,W/
Krynica 1997/}) 13... Qa5 14. c5 e5 15. Nc4 Qc7 16. Bg3 dxe3 17. fxe3 Bg4 18.
Rd2 Rad8 19. h3 Be6 20. Rhd1 g6 21. Kb1 Rxd3 22. Rxd3 Bf5 23. Nd6 Bxd6 24. cxd6
Qa5 25. Nc3 Rd8 26. Qe2 Ne4 27. Nxe4 Bxe4 28. Ka1 Bxd3 29. Qxd3 $14 {Kempinski,
R-Beliavsky,A/Koszalin 1998/}) 12. g4 Rfc8 13. Be2 (13. g5 Nh5 $11) 13... e5
14. g5 exf4 $2 (14... Ng4 $5) (14... Ne8 $5 15. Bg3 d4 16. Nb3 Qd8 17. exd4
exd4 (17... Bxg5+ $5) 18. Nxd4 Bxg5+ 19. Kb1 Nxd4 20. Rxd4 Bf6 21. Rdd1 Bxc3
22. Qxc3 Qe7 (22... Bf5+ $142 23. Ka1 Qb6 24. Rhe1 Be6 $132) 23. Rhe1 Be6 24.
Bf3 a5 25. Qb3 Qc5 26. Qb5 Qxc4 27. Qxc4 Rxc4 28. Bxb7 Ra7 29. Rd8 {1-0
Kempinski,R-Lutz,C/Groningen 1995/}) 15. gxf6 Bxf6 16. Nxd5 Be6 17. Ne4 (17.
Nxf6+ $5 gxf6 18. Rhg1+ Kh8 19. Qe4 fxe3 20. fxe3 (20. Qxe3 $5) 20... Qe5 21.
Qh4 Rg8 22. Bd3 $40) 17... Bh4 18. Rhg1 (18. exf4 Bxd5 19. Rxd5 Qxd5 20. cxd5
Nd4 21. Qxc8+ Rxc8+ 22. Kd2 Rc2+ 23. Kd3 Rxe2 $11) (18. Nxf4 $6 Qe5 19. Nxe6
Qxe6 $16) 18... Bxd5 19. Rxd5 Qc7 20. Rh5 Be7 21. Rxh7 $1 (21. Ng5 $5 g6 22.
Nxf7 Kxf7 23. Rxh7+ Ke8 24. Qxg6+ Kd8 25. Qg8+ Kd7 26. Bg4+ Kd6 27. Qd5#) 21...
g6 (21... Kxh7 22. Nf6+ Kh8 23. Qh7#) 22. Rh5 {[%cal Rc2c3] /\Qc2-c3} f3 23.
Qc3 f6 (23... Ne5 24. Qxe5 Qxe5 25. Rxe5 fxe2 26. Rxe7 Rxc4+ 27. Nc3 $18) 24.
Nxf6+ (24. Nxf6+ Kf8 25. Rh8+ Kf7 26. Rh7+ Ke6 27. c5 (27. Rxg6 $5 Ne5 28. Bf1
Qxc4 29. Ng8+ Nxg6 30. Bxc4+ $18) 27... Ne5 28. Bc4+ Nxc4 29. Qxc4+ Kxf6 30.
Rxg6+ $1 Kxg6 31. Qf7+ Kg5 32. h4+ Kg4 33. Qe6#) (24. Rxg6+ $5 Kf7 25. Rxf6+
Ke8 26. Rh8+ Kd7 27. Qd3+ Bd6 28. Nc5+ Ke7 29. Re6+ Kf7 30. Qg6#) 1-0

[Event "EU-Cup 21st"]
[Site "Saint Vincent"]
[Date "2005.09.18"]
[Round "1.3"]
[White "Kempinski, Robert"]
[Black "Ogaard, Leif"]
[Result "1-0"]
[WhiteElo "2619"]
[BlackElo "2379"]
[Annotator "Konikowski,J"]
[PlyCount "45"]
[EventDate "2005.09.18"]
[EventType "team-swiss"]
[EventRounds "7"]
[EventCountry "ITA"]
[SourceTitle "CBM 110"]
[Source "ChessBase"]
[SourceDate "2006.01.31"]
[SourceVersion "1"]
[SourceVersionDate "2006.01.31"]
[SourceQuality "1"]
[WhiteTeam "Warsaw Polonia"]
[BlackTeam "Oslo"]
[WhiteTeamCountry "POL"]
[BlackTeamCountry "NOR"]

1. d4 Nf6 2. c4 e6 3. Nf3 d5 4. Nc3 Be7 5. Bf4 O-O 6. e3 Nbd7 7. cxd5 Nxd5 8.
Nxd5 exd5 9. Bd3 c5 10. O-O c4 11. Bc2 b5 12. e4 Nb6 13. Qe2 $146 {[%mdl 8]} (
13. Re1 Be6 14. Qb1 Kh8 15. Be5 Bf6 16. Bxf6 Qxf6 17. e5 Qh6 18. Re3 b4 19. Qe1
a5 20. g3 Nc8 21. Nh4 Ne7 22. f4 g6 23. Qd2 Rfb8 24. Ba4 Rb7 25. Nf3 Rc8 26.
Ng5 Qf8 27. Rf1 Nf5 28. Ref3 c3 29. Qf2 Ne7 30. Nxe6 fxe6 31. g4 Rbc7 32. bxc3
Rxc3 33. Bd7 Rxf3 34. Qxf3 Rc3 35. Qe2 Nc6 36. Bxc6 Rxc6 37. Qb5 Rc4 38. Qd7
Rxd4 39. Qxe6 Rxf4 40. Rc1 Kg7 41. g5 Qf7 42. Qc8 Qa7+ $17 {Kortschnoj,V (2659)
-Lputian,S (2605)/Wijk aan Zee 2000/}) (13. e5 Bg4 14. h3 Bh5 15. g4 Bg6 16.
Bxg6 fxg6 17. Be3 Qd7 18. Nh2 g5 19. f4 gxf4 20. Rxf4 Rxf4 21. Bxf4 b4 22. Qe2
Qe6 23. Qe3 Rc8 24. Rc1 Na4 25. Rc2 Qg6 26. Qe2 Rf8 27. Bg3 Bg5 $19 {Tisdall,J
(2491)-Johannessen,L (2452)/Oslo 2002/}) 13... Bg4 14. Qe3 Bh5 15. Ne5 f6 (
15... Rc8 $142) 16. Nc6 Qd7 17. exd5 (17. Nxe7+ $142 $5 Qxe7 18. Qg3 Rad8 19.
e5 $16) 17... Nxd5 18. Qe4 Nxf4 $4 {[%mdl 8192]} (18... Kf7 $142 19. Nxe7 Nxe7
$11) 19. Nxe7+ $18 Kf7 20. Qxf4 Qxe7 21. Rfe1 Qb4 22. Qf5 g6 23. Qd7+ (23. Qd7+
Kg8 24. Re7 $18) 1-0

[Event "Corus"]
[Site "Wijk aan Zee"]
[Date "2000.01.23"]
[Round "7"]
[White "Kortschnoj, Viktor Lvovich"]
[Black "Lputian, Smbat G"]
[Result "0-1"]
[WhiteElo "2659"]
[BlackElo "2605"]
[Annotator "Kortschnoj,V"]
[PlyCount "94"]
[EventDate "2000.01.15"]
[EventType "tourn"]
[EventRounds "13"]
[EventCountry "NED"]
[EventCategory "18"]
[SourceTitle "CBM 075"]
[Source "ChessBase"]
[SourceDate "2000.04.05"]
[SourceVersion "1"]
[SourceVersionDate "2000.04.05"]
[SourceQuality "1"]

1. d4 e6 2. c4 d5 3. Nc3 Nf6 4. Nf3 Be7 5. Bf4 O-O 6. e3 Nbd7 7. cxd5 (7. h3) (
7. a3) 7... Nxd5 8. Nxd5 exd5 9. Bd3 c5 10. O-O (10. dxc5 Nxc5 11. O-O $14)
10... c4 11. Bc2 b5 (11... Nf6 12. Ne5 $14) 12. e4 Nb6 (12... Bb7 13. e5 $14)
13. Re1 Be6 (13... Bg4 {with an idea to place the bishop to g6 was interesting.
But black's plan is clear - first to force white to play e4-e5 and then to
blocade white's king-side pawns.}) 14. Qb1 Kh8 15. Be5 Bf6 $1 {Remarkable: it
is impossible to force black to move any pawn on the king side!} 16. Bxf6 Qxf6
17. e5 Qh6 18. Re3 $132 {Due to the awkward location of white pieces he has
problems - how to create threats on the king side?} b4 19. Qe1 a5 20. g3 {
20.h4!? with an idea Ng5.} Nc8 $6 ({Black could play now} 20... c3 21. bxc3 Nc4
22. Rd3 Bf5 23. cxb4 axb4 24. Qxb4 Bxd3 (24... Rfb8 $5 25. Qxb8+ $1 Rxb8 26.
Rb3 Rxb3 27. axb3 {also with roughly equal chances.}) 25. Bxd3 {with about
equal play.}) 21. Nh4 Ne7 22. f4 g6 23. Qd2 Rfb8 24. Ba4 $1 {Black will also
have difficulties to carry out his plan!} Rb7 25. Nf3 Rc8 26. Ng5 Qf8 27. Rf1
Nf5 28. Ref3 c3 29. Qf2 Ne7 (29... Rc4 30. bxc3 bxc3 31. Bb3 Rxd4 32. Rxc3 $14)
30. Nxe6 (30. f5 $2 gxf5 31. g4 Qg7 $17) 30... fxe6 31. g4 Rbc7 32. bxc3 Rxc3
33. Bd7 Rxf3 34. Qxf3 Rc3 35. Qe2 (35. Qf2 $6 Qf7 36. Qh4 Kg7 $15) 35... Nc6 $1
$11 36. Bxc6 Rxc6 37. Qb5 Rc4 38. Qd7 $2 $138 (38. Qxa5 Rxd4 39. Qb6 $11) 38...
Rxd4 39. Qxe6 Rxf4 40. Rc1 $4 (40. Rxf4 Qxf4 41. Qe8+ Kg7 42. Qe7+ Qf7 43. Qd6
$11) 40... Kg7 41. g5 Qf7 $1 42. Qc8 {After exchange of queens black could
take back either way with a good advantage. Still, it was a lesser evil.} Qa7+
43. Kh1 Qf2 $19 44. Qd7+ Rf7 45. Qxd5 Qe2 46. h4 Qg4 47. e6 Qh3+ 0-1